Sportifs Français - Mort Subite #1 - Statistiques

Statistiques générales
  • Ce quiz a été pris 5 206 fois
  • Le résultat moyen est 4 sur 30
Answers on the Grid
Answers color-coded by a green-red scale on the quiz's grid according to % correct below.
Layvin Kurzawa
Esteban Ocon
Kylian Mbappé
Loris Baz
Fabio Quartararo
Johann Zarco
Martin Fourcade
Thomas Voeckler
Sébastien Toutant
Sébastien Loeb
Matthias Dandois
Lucas Créange
Pascal Pereira-Leal
Benoît Saint Denis
Arthur Rinderknech
Can Akkuzu
Simon Gauzy
Léon Marchand
Amaury Leveaux
Alexander Lévy
Paul Levesque
Jackson Richardson
Erwin Kehlhoffner
Romain Ntamack
Kevin Mayer
Jo-Wilfried Tsonga
Kauli Vaast
Dorian Boccolacci
Samyr Hamoudi
Fabien Lamirault
Loïc Meillard
Gilles Villeneuve
Valentin Guillod
Robert Kubica
Armand Duplantis
Charles Leclerc
Samuel Umtiti
Karim Benzema
Tony Parker
Eduardo Camavinga
Milko Potisek
Pierre Gasly
Robin Briguet
Brice Samba
Maurice Richard
Marvin Gadeau
Philippe Gilbert
Pierre Bouvier
 
Statistiques - réponses
Réponse % Correct
Kylian Mbappé
29%
Karim Benzema
28%
Léon Marchand
28%
Pierre Gasly
22%
Martin Fourcade
21%
Sébastien Loeb
21%
Jo-Wilfried Tsonga
20%
Kevin Mayer
20%
Esteban Ocon
19%
Benoît Saint Denis
16%
Fabio Quartararo
16%
Layvin Kurzawa
16%
Romain Ntamack
16%
Johann Zarco
13%
Thomas Voeckler
13%
Arthur Rinderknech
11%
Simon Gauzy
9%
Jackson Richardson
7%
Amaury Leveaux
6%
Kauli Vaast
6%
Dorian Boccolacci
5%
Matthias Dandois
2%
Can Akkuzu
1%
Fabien Lamirault
1%
Loris Baz
1%
Lucas Créange
1%
Milko Potisek
1%
Pascal Pereira-Leal
1%
Samyr Hamoudi
1%
Erwin Kehlhoffner
0%
Aucun quiz correspondant
Distribution des résultats
% des personnes avec chaque résultat
Percentile par nombre de réponses
Votre historique - résultats
Vous n’avez pas pris ce quiz